000 00383 a2200145 4500
001 165457
020 _a
040 _cMagnum
100 _aOrsi, Rene Marcos
240 1 0 _aMassagem - aterapia dos deuses: elementos de massoterapia
_lpor
245 1 0 _aMassagem - aterapia dos deuses: elementos de massoterapia
362 0 _a1899
697 _aCIENCIAS MEDICAS SAUDE
942 _cBK
999 _c165457
_d165457